Sladit grafiku a funkčnost obalů není vůbec snadné

Spolupráca konštruktérov a grafikov pri návrhu obalu výrobku. Trendy v dizajne a konštrukcii. Pevnosť ako jedna z dôležitých vlastností retailových obalov. Originalita, zážitok a možnosť opakovaného použitia marketingových obalov. Obal, ktorý dotvára produkt a tak sa stáva komplementárnym k produktu...

Descrizione completa

Salvato in:
Dettagli Bibliografici
Autore principale: Vrátil, Jan
Natura: Capitolo di libro
Lingua:ceco
Soggetti:
Tags: Aggiungi Tag
Nessun Tag, puoi essere il primo ad aggiungerne!!

MARC

LEADER 00000naa$a2200000$$$4500
001 0065977
005 20231018130716.7
041 0 |a cze 
044 |a CZ 
245 1 0 |a Sladit grafiku a funkčnost obalů není vůbec snadné  |c Jan Vrátil 
520 |a Spolupráca konštruktérov a grafikov pri návrhu obalu výrobku. Trendy v dizajne a konštrukcii. Pevnosť ako jedna z dôležitých vlastností retailových obalov. Originalita, zážitok a možnosť opakovaného použitia marketingových obalov. Obal, ktorý dotvára produkt a tak sa stáva komplementárnym k produktu. 
610 2 0 |a obaly 
610 2 0 |a technika obalová 
610 2 0 |a dizajn 
610 2 0 |a výroba 
610 2 0 |a materiál 
610 2 0 |a konštrukcia 
100 1 |a Vrátil, Jan